000 00611naa a2200217 i 4500
001 87396
003 ES-MaBCM
005 20241016125349.0
008 021028s2002 fra 000 0 fre d
021 _axx
035 _a(OCoLC)1365112886
040 _cES-MaBCM
041 0 _afre
043 _afra
100 1 _aMalauzat, Marie Isabelle
_928475
245 1 0 _aLe projet de loi bioéthique
_cMarie Isabelle Malauzat
651 4 _aFrancia
_9115364
650 7 _aBioética
_957756
773 0 _aEn:
_tRecueil Dalloz
_dParis : 2002
_w105307
_g178 année, nº 35, oct, p. 2688-2695. - Loc. S.334
942 _cAREV
999 _c87396
_d87396